000 01265nam a22003497a 4500
003 CHAP
005 20220329133204.0
008 971013s1988 r 00010 d
010 _a3169
011 _a4141
035 _a3343
040 _cCHAP
082 _a631.2
_bO75
100 0 0 _aOrihuela Trujillo, José Agustín.
_983581
245 _aConsideraciones sobre la conducta bovina en el manejo y diseño de construcciones pecuarias
260 _aChapingo, Méx. :
_bUACH,
_c1988
300 _a105 p.
_b: ilus
500 _aD48-231
590 _aBATCH-UPD
_b10
_c20130110
_lUCH01
_h1459
590 _aBATCH-UPD
_b10
_c20130410
_lUCH01
_h0922
590 _aBATCH-UPD
_b10
_c20130914
_lUCH01
_h1036
590 _aCONVERSION
_b10
_c20130109
_lUCH01
_h1303
650 1 4 _aConstrucciones rurales.
_927378
650 1 4 _aGanado vacuno
_xAlojamiento.
_945431
650 1 4 _aGanado vacuno
_xHábitos y conducta.
_945474
650 1 4 _aGanado vacuno
_xTransporte.
_945521
901 _aBK
942 _cLIBRO
949 _a631.2 O75
_bBC
_cLIBRO
_d33724000606497
_eLIBRO
_fc.2
_gI.c/e
_h81130
_i3343
_si
_t20.00
949 _a631.2 O75
_bBC
_cLIBRO
_d33724002123728
_eLIBRO
_fc.3
_gI.c/e
_h111033
_i3343
_sb
_t$816.00
949 _a631.2 O75
_bBC
_cLIBRO
_d33724002169108
_eUACH
_h81130 rep.
_i3343
_sb
999 _c3169
_d3169